000 00799nam a2200313Ia 4500
001 6835
005 20240113233943.0
007 ta
008 050701s 197 a g b000 u eng u
020 _a0-02-978440-9
040 _aCotton College,Assam
041 _aeng
082 _a339
_bAc 56 M
100 _aAckley, Gardner .
245 0 _aMacroeconomics: Theory and Policy /
_cGardner Ackley.
_hTextual Documents
250 _a1st ed. /
260 _aNew York :
_bMacmillan Pub. Co ,
_cC 1978.
300 _ax, 738p. :
_bill. ;
_c23cm .
504 _aIndex
653 _aEconomics
653 _aMacroeconomics
653 _aMS-Economics
653 _aPG-Economics
942 _2ddc
_cBK
999 _c6822
_d6822